Los Guajiros : (Registro nro. 68120)
[ vista simple ]
| 000 -LÍDER | |
|---|---|
| Campo fijo de descripción fija | 01267nas a2200217 i 4500 |
| 001 - NÚMERO DE CONTROL | |
| Campo de control | 768714001 |
| 003 - IDENTIFICADOR DEL NÚMERO DE CONTROL | |
| Campo de control | CO-MdFUSB |
| 005 - FECHA Y HORA DE LA ULTIMA TRANSACCIÓN | |
| control field | 20240826073031.0 |
| 008 - ELEMENTOS DE LONGITUD FIJA -- INFORMACIÓN GENERAL | |
| Campo fijo de descripción fija -- Información general | 220907s1988 ck ||||| |||| 00| 0 spa d |
| 040 ## - FUENTE DE CATALOGACIÓN | |
| Idioma de catalogación | spa |
| Agencia que realiza la transcripción | CO-MdFUSB |
| Agencia que realiza la modificación | CO-MdFUSB |
| 041 ## - CÓDIGO DE IDIOMA | |
| Código de idioma para texto/pista de sonido o título separado | spa |
| 100 ## - ASIENTO PRINCIPAL--NOMBRE PERSONAL | |
| Nombre personal | Galvis, Martha, |
| Término relacionador | autor |
| 245 14 - TÍTULO | |
| Título | Los Guajiros : |
| Subtitulo | una comunidad que pierde su identidad? |
| Mención de responsabilidad | / Marha Galvis , Lina Mora |
| 300 ## - DESCRIPCIÓN FÍSICA | |
| Extensión | Volumen 65, (enero, 1988) páginas: 9 - 68 |
| Dimensiones | ; 23 cm |
| 520 ## - NOTA DE RESUMEN, ETC. | |
| Nota de sumario, etc. | El siguiente artículo estudia aspectos de la comunidad Guajira. Se analiza de esta comunidad, sus prácticas culturales, los valores que orientan su acción y las particulares condiciones de su estilo de vida. Los temas son:<br/>Capítulo I Marco geográfico -- Capitulo II Historia -- Capitulo III Economía -- Capitulo IV Organización social -- Capítulo V Creencias y practicas mágico religiosas -- Capítulo VI Leyes guajiras -- capitulo VII Cocina, vestido e instrumental guajiro -- Capitulo VIII Mitología. |
| 650 #7 - ASIENTO SECUNDARIO DE MATERIA - TERMINO TEMÁTICO | |
| 9 (RLIN) | 6714 |
| Término temático o nombre geográfico como elemento de entrada | Antropología cultural y social |
| 700 ## - ENTR. SECUNDARIA - Nombre Personal (R) | |
| Nombre de persona | Mora, Lina, |
| Término indicativo de función | autor |
| 773 0# - ASIENTO DE ITEM FUENTE | |
| Biblionumber | 49438 |
| Itemnumber | 60122 |
| Lugar, editorial y fecha de publicación | Centro Antropológico Colombiano |
| Otro identificador del ítem | R0368 |
| Título | Ethnia |
| Número de control del registro | (CO-MdFUSB)768714001 |
| Parte(s) relacionada(s) / Volumen., número. (mes año), páginas | Volumen 65, (enero, 1988) páginas: 9 - 68 |
| Enumeración y primera página | página: 9 |
| 942 ## - TIPO DE MATERIAL (KOHA) | |
| Tipo de Item KOHA | Artículos de Revista |
| 945 ## - INFORMACIÓN LOCAL DEL REGISTRO | |
| Catalogador | AF |
No hay ítems disponibles.
